| 000 | 00698nam a22002177a 4500 | ||
|---|---|---|---|
| 999 |
_c16554 _d16554 |
||
| 003 | AR-CdUCM | ||
| 008 | 190404b ||||| |||| 00| 0 spa d | ||
| 040 |
_aMUNICIPALIDAD PROVINCIAL DEL CUSCO _cBIBLIOTECA MUNICIPAL DEL CUSCO |
||
| 082 |
_a868.56 / _bP43 |
||
| 100 |
_aPérez Galdós, Benito _91429 |
||
| 245 | _aLa familia de León Roch / | ||
| 260 |
_aBuenos Aires : _bLosada, _c1948.. |
||
| 300 |
_a1 tomo ; _c19 cm. |
||
| 440 |
_aBiblioteca contemporánea _927761 |
||
| 505 | _aContenido: t.1 : Literatura española -- t.2 literatura española -- | ||
| 650 |
_aLiteratura _983 |
||
| 650 |
_aLiteratura española _9362 |
||
| 650 |
_aSiglo XX _98 |
||
| 942 |
_2ddc _cLIBROS |
||
| 945 | _awfj | ||